Figurative Language in Contemporary Political Discourse Related to War and Peace

Poukázanie na to, že obrazný jazyk v dnešnom mediálnom prostredí je všadeprítomný a novinári ho vo svojom prostredí používajú pre odhaľovanie témy vojny a mieru.

Enregistré dans:
Détails bibliographiques
Auteur principal: Shumeiko, Natalia, 1972-
Autres auteurs: Mandáková, Alexandra, 1980-
Format: Chapitre de livre
Langue:anglais
Sujets:
Tags: Ajouter un tag
Pas de tags, Soyez le premier à ajouter un tag!

MARC

LEADER 00000naa$a2200000$$$4500
001 0306033
005 20251027100901.3
041 0 |a eng 
044 |a CZ 
245 1 0 |a Figurative Language in Contemporary Political Discourse Related to War and Peace  |c Natalia Shumeiko, Alexandra Mandáková 
520 |a Poukázanie na to, že obrazný jazyk v dnešnom mediálnom prostredí je všadeprítomný a novinári ho vo svojom prostredí používajú pre odhaľovanie témy vojny a mieru. 
610 2 0 |a jazyk odborný 
610 2 0 |a médiá 
610 2 0 |a žurnalistika 
610 2 0 |a diskusia 
610 2 0 |a politika mierová 
610 2 0 |a vojny 
610 2 0 |a mier 
100 1 |a Shumeiko, Natalia, 1972- 
700 1 |a Mandáková, Alexandra, 1980-